000 00662nam a22002297a 4500
003 UA-OsUOA
001 44435
007 ta
008 20101028b un ||||| |||| 00| 0 ukr d
090 _a82(477)
_bГ95
942 _cBK
040 _aUA-OsUOA
_bukr
_cUA-OsUOA
_dUA-OsUOA
245 _aГурт
_bПоезії
300 _a103 с.
955 _a3
041 _aukr
080 _a82(477)
260 _aДніпропетровськ
_bСіч
_c1992
650 7 _a82 Література. Літературознавство
_2UDC
999 _c424493
_d424493